Govt. of
Madhya Pradesh

Trends And Challenges To indian Banking (Record no. 8234)

MARC details
000 -LEADER
fixed length control field 003160000a22001450004500
003 - CONTROL NUMBER IDENTIFIER
control field MACL
040 ## - CATALOGING SOURCE
Original cataloging agency MACL
090 ## - LOCALLY ASSIGNED LC-TYPE CALL NUMBER (OCLC); LOCAL CALL NUMBER (RLIN)
-- 8285
-- 8284
100 ## - MAIN ENTRY--PERSONAL NAME
Personal name Sharma, H L
245 ## - TITLE STATEMENT
Title Trends And Challenges To indian Banking
260 ## - PUBLICATION, DISTRIBUTION, ETC. (IMPRINT)
Name of publisher, distributor, etc. Rajat Publications
Date of publication, distribution, etc. 2007
350 ## - PRICE (NR) (BK AM CF MU VM SE) [OBSOLETE]
Price 300
650 ## - SUBJECT ADDED ENTRY--TOPICAL TERM
Topical term or geographic name as entry element Economices
942 ## - ADDED ENTRY ELEMENTS (KOHA)
Koha item type Library Membar
Call number prefix 330
Holdings
Withdrawn status Lost status Damaged status Not for loan Home library Current library Date acquired Total Checkouts Full call number Barcode Date last seen Uniform Resource Identifier Price effective from Koha item type
        MACL MACL 15/04/2015   330 BOOK CRE21763 29/04/2015 8147 15/04/2015 Books